Normal view MARC view
  • Chen, Zhengxin

Entry Personal Name

Number of records used in: 1

001 - CONTROL NUMBER

  • control field: 55553

003 - CONTROL NUMBER IDENTIFIER

  • control field: NUST

005 - DATE AND TIME OF LATEST TRANSACTION

  • control field: 20210628201512.0

008 - FIXED-LENGTH DATA ELEMENTS

  • fixed length control field: 210628|| aca||aabn | a|a d

040 ## - CATALOGING SOURCE

  • Original cataloging agency: NUST
  • Transcribing agency: NUST

100 ## - HEADING--PERSONAL NAME

  • Personal name: Chen, Zhengxin

670 ## - SOURCE DATA FOUND

  • Source citation: Work cat.: (NUST): Chen, Zhengxin., Data mining and uncertain reasoning :an integrated approach, c2001.
© 2023 Central Library, National University of Sciences and Technology. All Rights Reserved.